000 00697nam a22001937a 4500
003 BD-DhJNU
005 20250624064855.0
008 250624b |||||||| |||| 00| 0 eng d
020 _a9840517821
040 _aBD-DhJNU
_bENG
_cBD-DhJNU
_dBD-DhJNU
082 _223
_a954.9
245 _aPolitical culture in Bangladesh : perspectives and analysis :
_bselections from the journal of Bangladesh studies /
_cEdited by Syed Saad Andaleeb
260 _aDhaka :
_bBangladesh Development Initiative : University Press,
_c2007.
300 _axxxii, 373 p. :
_c22 cm.
504 _aincludes index
650 _aJournal of Bangladesh studies
700 _aAndaleeb, Syed Saad
_eEditor
942 _2ddc
_cBK
_n0
999 _c1824
_d1824